000 00552nam a2200181 i 4500
001 108774
003 ES-MaACL
005 20250817065100.0
007 t|
008 061121s1923 sp r ||||1| spa d
100 1 _aMontoto, Santiago.
_982701
245 1 0 _aBartolomé Estaban Murillo
_b: Estudio biográfico - crítico /
_cSantiago Montoto.
260 _aSevilla :
_bSob. de Izquierdo,
_c1923.
300 _a137 p. ;
_c25 cm.
600 1 4 _aMurillo, Bartolomé Esteban,
_d1617-1682
_984581
852 _aES-MaACL
_jF-4801
999 _c108774
_d108774